| 000 | 01276nam0a22002771 4500 | ||
|---|---|---|---|
| 001 | rc\4801992 | ||
| 005 | 20250612185513.0 | ||
| 035 | _a(NLR Aleph) 008792795 | ||
| 090 |
_a8052096 _c8052096 |
||
| 100 | _a20130426d1968 |||y0rusy50 ca | ||
| 101 | 1 |
_arus _cpol |
|
| 102 | _aRU | ||
| 105 | _aa z ||||| | ||
| 200 | 1 |
_aУдаление настылей из вращающихся печей _e(Работа спец. отд. Ком. по науке и технике ПНР) _f[Пер. с польского Г.М. Хартовой _gПод ред. В.Н. Костина] _gМ-во цв. металлургии. Центр. науч.-исслед. ин-т информации и техн.-экон. исследований цв. металлургии |
|
| 210 |
_aМосква _cБ. и. _d1968 |
||
| 215 |
_a105 с. _cил. _d21 |
||
| 225 | 1 | _aОбщеотраслевая информация | |
| 300 | _aОтпеч. множит. аппаратом | ||
| 333 | _aДля служебного пользования. Экз. № 5 | ||
| 702 | 1 |
_aКостин _bВ.Н. _gВладимир Николаевич _4340 |
|
| 702 | 1 |
_aХартова _bГ.М. _4730 |
|
| 801 | 0 |
_aRU _bNLR _gpsbo |
|
| 801 | 1 |
_aRU _bELAR _2rusmarc |
|
| 852 |
_aNLR _j50К/14644 |
||
| 942 | _cBOOK | ||
| 980 | _aNB | ||